Macroeconoma̕ bs̀ica

Bibliographic Details
Main Author: Vargas Valbuena, Martha Alicia
Format: eBook
Language:Spanish
Published: Bogot ̀: Ediciones de la U, 2012
Subjects:
Online Access:http://www.vlex.com/source/9107

MARC

LEADER 00000nam a22000007a 4500
005 20130327161715.0
007 cr|||| ||||
008 130327e2012 ck |||||s|||| 00||0 spa d
020 |a 978-958-762-049-8 
035 |a 9107 
040 |a vLex 
090 |c 4061  |d 4061 
100 1 0 |a Vargas Valbuena, Martha Alicia  
245 1 0 |a Macroeconoma̕ bs̀ica  |c / Martha Alicia Vargas Valbuena   |h [Recurso electrn̤ico]  
256 |a Servicio en ln̕ea 
260 |a Bogot ̀:  |b Ediciones de la U,   |c 2012  
300 |a 1 Recurso electrn̤ico 
506 |d vLex Global  |d vLex Global (Academic Edition, excluding Law Schools)  |d vLex Global (U.S. Academic Edition, Law Schools)  |d vLex Global (U.S. Academic Edition, excluding Law Schools)  |d vLex Global (Academic Edition, Law Schools) 
650 0 4 |a Economa̕ 
650 0 4 |a Macroeconoma̕ 
740 |a vLex Libros (Servicio en ln̕ea) 
856 |a Acceso restringido  |u http://www.vlex.com/source/9107 
942 |c BOOK 
999 0 |a Economics